| 000 | 01481nam a2200325 a 4500 | ||
|---|---|---|---|
| 999 |
_c391671 _d391671 |
||
| 003 | BLK | ||
| 005 | 20250705110755.0 | ||
| 008 | 201120b bu ||||| |||| 00| 0 bu d | ||
| 020 | _a978-619-199-524-0 (подв.) | ||
| 020 | _a3800083827337 | ||
| 040 | _aBLK | ||
| 041 |
_aBUL _cBUL |
||
| 080 |
_aНачално и основно образование - учебни програми _b373.3.016-028.21 _x:087.5 _z373.3.016-028.21:087.5 |
||
| 100 |
_91299 _aРейнолдс, Еди _eпърви автор |
||
| 139 |
_aРейнолдс, Еди _bР 48 |
||
| 245 |
_aЧудният свят на формите : разгледайте отвътре! _cЕди Рейнолдс ; прев. Антон Татаров ; [ил.] Бендета Жуфре, Енрика Русина |
||
| 257 | _aKIT | ||
| 260 |
_9209475 _aСофия _bФют _c2020 _n978-619-199- ; 978-954-625- |
||
| 300 |
_a15 с. _bс цв. ил. _c29 см |
||
| 380 | _aDN | ||
| 501 | _aКор. опис. - Ориг. загл.: Lift the flap: maths shapes / Eddie Reynolds | ||
| 700 |
_9382674 _aТатаров, Антон Златаров _eпрев. от англ. |
||
| 700 |
_9599 _aЖуфре, Бенедета _eил. |
||
| 700 |
_9341773 _aРусина, Енрика _eил. |
||
| 852 |
_aЦб ІІ 25830 _bЦб |
||
| 852 |
_bД _c373.3.016:51/Р 48 Е |
||
| 942 |
_cKNG _n0 _s1 _019 |
||
| 944 |
_aCR _bК.Д. _c2020-11-26 _k30531 _lЦветелина Шанова |
||
| 944 |
_aED _c2021-11-15 _kГГГ |
||